عرض عادي
عرض مارك
- Berkovitz, B. K. B.
مدخل إسم شخص
001 - رقم الضبط
- حقل الضبط: 52505
003 - معرف رقم الضبط
- حقل الضبط: OSt
005 - تاريخ ووقت أخر عملية
- حقل الضبط: 20151020142559.0
008 - عناصر بيانات ثابتة الطول
- حقل تحكم ثابت الطول: 151020|| aca||aabn | a|a d
040 ## - مصدر الفهرسة
- هيئة الفهرسة الأصلية: OSt
- وكالة الكتابة: OSt
100 ## - مدخل -- أسم شخص
- إسم شخص: Berkovitz, B. K. B.
670 ## - بيانات المصدر موجوده
- الاستشهاد بالمصدر: Work cat.: (OSt)0: Berkovitz, B. K. B., Oral anatomy, histology and embryology /, 2009.
